| 000 | 01108nam a2200217 i 4500 | ||
|---|---|---|---|
| 001 | 183556 | ||
| 003 | ES-MaACL | ||
| 005 | 20251120121436.0 | ||
| 008 | 140718q2013 sp |||| | spa d | ||
| 020 | _a978-84-686-4572-8 | ||
| 080 | _a821.134.2-1"19" | ||
| 245 | 0 | 0 |
_aPoemas al director _b: 68 miradas críticas en tiempos de crisis / _cedición literaria de Guillermo Spottorno Giner sobre una idea original de Ángel Rodríguez. |
| 260 |
_a[S. l.] : _bBubok, _c[2013] |
||
| 300 |
_a173 p. ; _c22 cm. |
||
| 505 | 8 |
_aContiene: prólogos ; _tPoemas al director / _rFederico Mayor Zaragoza. -- _tSoypoeta, globalizando el amor por la poesía / _rFernando Berlín. -- _tMirar y ver / _rJosé Manuel Caballol Bartolomé. -- _t¿Alguien ha visto mis versos por ahí? / _rÁngel Rodríguez. -- _tRazones para escribir "Poemas al director" / _rGuillermo Spottorno Giner |
|
| 700 | 1 |
_aSpottorno Giner, Guillermo, _d-1974 _9155014 |
|
| 852 |
_aES-MaACL _jA-13165 _9190498 _bR.150020 _cDEPO1 _dOlim: N-6165 |
||
| 942 |
_2udc _cMONOGRAFIA |
||
| 999 |
_c183556 _d183556 |
||